| 000 | 00616cam a22002173a 4500 | ||
|---|---|---|---|
| 001 | 18763 | ||
| 003 | PGUSA | ||
| 005 | 20140828083411.0 | ||
| 008 | 060706s2006||||xxu|||||s|||||000 | eng d | ||
| 040 |
_aPGUSA _beng |
||
| 042 | _adc | ||
| 050 | 4 | _aT | |
| 245 | 1 | 0 |
_aScientific American Supplement, No. 365, December 30, 1882 _h[electronic resource] / _cVarious |
| 260 |
_bProject Gutenberg, _c2006 |
||
| 506 | _aPublic domain in the USA. | ||
| 516 | _aElectronic text | ||
| 653 | _aScience -- Periodicals | ||
| 830 | 0 |
_aProject Gutenberg _v18763 |
|
| 856 | 4 | 0 | _uhttp://www.gutenberg.org/ebooks/18763 |
| 942 | _cEB | ||
| 999 |
_c248018 _d248018 |
||